|
|
|
|
| LEADER |
00000cab a2200000 a 4500 |
| 001 |
vtls008996589 |
| 005 |
20260319143115.0 |
| 008 |
070606|2006 xo ||||||| | ||slo |
| 015 |
|
|
|a SNBRB2007/06
|
| 040 |
|
|
|a SNKBUCL
|b slo
|c SNKBUCL
|e AACR2
|
| 041 |
0 |
|
|a slo
|
| 044 |
|
|
|a xo
|c SK
|
| 080 |
|
|
|a 323.113(=162.4)(100)
|2 1997
|
| 080 |
|
|
|a (=162.4)
|2 1997
|
| 245 |
0 |
0 |
|a Správa o štátnej politike starostlivosti o Slovákov žijúcich v zahraničí a o poskytnutej štátnej podpore Slovákom žijúcim v zahraničí za rok 2005
|
| 610 |
1 |
7 |
|a Slovensko.
|b Úrad pre Slovákov žijúcich v zahraničí
|2 SNKKA
|9 126222
|
| 648 |
|
7 |
|a 2005
|2 SNK
|9 305506
|
| 650 |
0 |
7 |
|a Slováci v zahraničí
|9 14695
|
| 650 |
0 |
7 |
|a správy o činnosti
|9 1236037
|
| 773 |
0 |
|
|t Slovenské zahraničie
|g Roč. XI, č. 2-3 (2006), s. 15-18
|x 1335-4396
|
| 852 |
|
|
|a Slovenská národná knižnica
|
| 958 |
|
|
|a SK
|
| 999 |
|
|
|c 1752563
|d 1754493
|